00293nam a2200121Ia 4500008004100000041000800041082001200049100001600061245002500077260003300102300002900135365000700164240624s9999 xx 000 0 und d aeng a382 AGR aAGRAWAL RAJ aINDIAN FOREIGN TRADE c1999aNew DelhibExcel Books av, : 300 : p. : cm. ; 25 cRS